[Event "OP-2012-0-02098"]
[Site "LSS email"]
[Date "2012.03.08"]
[Round "?"]
[White "Linart, Ludvik"]
[Black "Galois, Antonio"]
[Result "0-1"]
[WhiteElo "854"]
[BlackElo "800"]
[PlyCount "56"]
[EventDate "2012.03.05"]
[EventType "tourn (corr)"]
[EventRounds "4"]
[EventCountry "GER"]
[SourceTitle "Telechess CBM 153"]
[Source "ChessBase"]
[SourceDate "2013.03.14"]
[SourceVersion "1"]
[SourceVersionDate "2013.03.14"]
[SourceQuality "1"]

1. d4 Nf6 2. Bg5 Ne4 3. Bh4 c6 4. f3 Qa5+ 5. c3 Qh5 6. g3 g5 7. fxe4 gxh4 8. Nf3 hxg3 9. Bg2 Qg6 10. Nbd2 d6 11. Qc2 d5 12. Ne5 Qd6 13. exd5 f6 14. Ng4 Bxg4 15. 0-0-0 cxd5 16. Rde1 gxh2 17. e4 dxe4 18. Bxe4 Nc6 19. Nc4 Qc7 20. b3 0-0-0 21. Rxh2 Kb8 22. Rxh7 Rxh7 23. Bxh7 Bh6+ 24. Kb2 e5 25. Qg6 b5 26. Ne3 Bxe3 27. Rxe3 exd4 28. cxd4 f5 0-1